| 000 | 01228cam a2200289 a 4500 | ||
|---|---|---|---|
| 001 | 3963104 | ||
| 005 | 20020828202214.0 | ||
| 008 | 940810s1995 nyua 001 0 eng | ||
| 010 | _a 94065200 | ||
| 020 | _a0521657512 | ||
| 040 |
_aDLC _cDLC _dDLC |
||
| 050 | 0 | 0 |
_aHF5718 _b.R63 1995 |
| 082 | 0 | 0 |
_a658.45 _220 _bROD |
| 100 | 1 |
_aRodgers, Drew. _95653 |
|
| 245 | 1 | 0 |
_aBusiness communications : _binternational case studies in English / _cDrew Rodgers. |
| 260 |
_aNew York : _bSt. Martin's Press, _c1998 |
||
| 300 |
_axvii, 151 p. : _bill. ; _c24 cm. |
||
| 500 | _aIncludes index. | ||
| 650 | 0 |
_aBusiness communication _xCase studies. _95654 |
|
| 650 | 0 |
_aIntercultural communication _xCase studies. _95655 |
|
| 650 | 0 |
_aEnglish language _zBusiness English. _95656 |
|
| 856 | 4 | 2 |
_3Publisher description _uhttp://www.loc.gov/catdir/description/cam026/94065200.html |
| 856 | 4 | 1 |
_3Table of contents _uhttp://www.loc.gov/catdir/toc/cam027/94065200.html |
| 942 |
_2ddc _cBB |
||
| 999 |
_c11697 _d11697 |
||